Patterns of tree species richness in rain forests of the middle Caquetá area, Colombia NW Amazonia (Registro nro. 9297)

Detalles MARC
000 -CABECERA
Campo de control 005600000a22001690004500
090 ## - CLASIFICACIÓN LOCAL
Colección AR
Consecutivo 00197
041 0# - IDIOMA
Código de idioma para texto/pista de sonido o título separado
100 1# - ASIENTO PRINCIPAL--NOMBRE PERSONAL
Nombre personal Duivenvoorden, Joost Franciscus
245 10 - MENCION DE TITULO
Título Patterns of tree species richness in rain forests of the middle Caquetá area, Colombia NW Amazonia
650 14 - ASIENTO SECUNDARIO DE MATERIA - TERMINO TEMATICO
Término temático o nombre geográfico como elemento de entrada Bosques
650 14 - ASIENTO SECUNDARIO DE MATERIA - TERMINO TEMATICO
Término temático o nombre geográfico como elemento de entrada Suelos
650 14 - ASIENTO SECUNDARIO DE MATERIA - TERMINO TEMATICO
Término temático o nombre geográfico como elemento de entrada Densidad de especies forestales
650 14 - ASIENTO SECUNDARIO DE MATERIA - TERMINO TEMATICO
Término temático o nombre geográfico como elemento de entrada Dinámica forestal
651 #4 - ASIENTO SECUNDARIO DE MATERIA - NOMBRE GEOGRAFICO
-- Araracuara
-- Caquetá
-- Colombia
773 1# - Item fuente:
Título Biotropica
Especificación de materiales 9
Descripción física 2
Paginas del Articulo 142-158
Lugar, editorial y fecha de publicación 1996
Información sobre la relación 28
942 ## - ELEMENTOS ADICIONALES (KOHA)
Tipo de ítem Artículo
Existencias
Withdrawn status Lost status Damaged status No para préstamo Colección Ubicación Permanente Ubicación actual Fecha de adquisición Datos de publicación Seriada Total Checkouts Número topográfico Inventario / Código de Barras Date last seen Ejemplar Price effective from Forma de adquisición Tipo de material
      No para Préstamo Hemeroteca Bogotá Bogotá 27/02/2015 Fuera de circulación   AR 00197 010436 25/03/2015 1 25/03/2015   Artículo